[Event "Lichtenberger Sommer 2018"]
[Site "?"]
[Date "2018.08.20"]
[Round "3.75"]
[White "Schulz, Olaf"]
[Black "Schiller, Stephan"]
[Result "1-0"]
[WhiteElo "2014"]
[BlackElo "1604"]
[PlyCount "159"]
[EventDate "2018.??.??"]
[WhiteTeam "vereinslos"]
[BlackTeam "SV Motor Wildau"]

1. b3 d6 2. Bb2 e5 3. g3 Nc6 4. Bg2 Nf6 5. c4 Be7 6. Qc2 Be6 7. a3 Qc8 8. e3
Bf5 9. d3 Nd7 10. Nd2 Nc5 11. Bxc6+ bxc6 12. e4 Bg6 13. b4 Ne6 14. h4 h6 15. h5
Bh7 16. Ne2 O-O 17. f4 f6 18. Nf3 Nd8 19. f5 Kh8 20. Nh4 Qd7 21. Ng6+ Bxg6 22.
hxg6 d5 23. O-O-O a5 24. Qd2 Nf7 25. gxf7 Rxf7 26. Qc3 axb4 27. axb4 Rb8 28. c5
Rb5 29. Ba3 Qd8 30. Kc2 Qa8 31. Rb1 Rf8 32. Rb3 Rfb8 33. Rhb1 Qb7 34. Ng1 Qc8
35. Nf3 Qe8 36. Nh4 Kg8 37. Ng6 Bf8 38. Bc1 Rd8 39. Ra1 dxe4 40. Qc4+ Kh7 41.
dxe4 Rd4 42. Qe6 Rd8 43. Nxf8+ Qxf8 44. Qxc6 Rbb8 45. Ra7 Qf7 46. Qe6 Qh5 47.
Qc4 Rd4 48. Qf1 Rxe4 49. Bd2 Rd4 50. Rd3 Rbd8 51. Rxd4 Rxd4 52. Ra3 Qh2 53. Rd3
Rg4 54. b5 Rc4+ 55. Rc3 Ra4 56. Qb1 Qg2 57. Qb3 Rd4 58. Rd3 Qe4 59. b6 Rc4+ 60.
Kb2 cxb6 61. cxb6 Rc8 62. Rd7 Qxf5 63. Rc7 Rd8 64. Qc2 e4 65. Bf4 Qb5+ 66. Qb3
Qe2+ 67. Rc2 Qd1 68. b7 Qd4+ 69. Kb1 Qd1+ 70. Ka2 Rd5 71. Bc1 Rd8 72. Rc8 Qe2+
73. Kb1 Rd3 74. Qg8+ Kg6 75. b8=Q Rf3 76. Qxg7+ Kh5 77. Qxh6+ Kg4 78. Qh4+ Kf5
79. Qh5+ Ke6 80. Rc6+ 1-0

[Event "Lichtenberger Sommer 2018"]
[Site "?"]
[Date "2018.08.20"]
[Round "3.76"]
[White "Krawatzki, Armin"]
[Black "Schumacher, Gerhard"]
[Result "0-1"]
[WhiteElo "1654"]
[BlackElo "1759"]
[PlyCount "31"]
[EventDate "2018.??.??"]
[WhiteTeam "Läufer Reinickendorf"]
[BlackTeam "SG BVG Helmholz 55"]

1. Nf3 Nf6 2. d4 d6 3. Nc3 c6 4. e4 Bg4 5. h3 Bh5 6. Be3 e6 7. Bd3 Be7 8. Qe2
O-O 9. g4 Bg6 10. Nh4 e5 11. Nxg6 hxg6 12. O-O-O Qc7 13. f4 Nbd7 14. h4 b5 15.
a3 a5 16. Qf2 0-1

[Event "Lichtenberger Sommer 2018"]
[Site "?"]
[Date "2018.08.20"]
[Round "3.77"]
[White "Schneider, Eckehard"]
[Black "Wilke, Hans-Peter"]
[Result "0-1"]
[WhiteElo "1837"]
[BlackElo "1515"]
[PlyCount "52"]
[EventDate "2018.??.??"]
[WhiteTeam "SF 1903 Berlin"]
[BlackTeam "Läufer Reinickendorf"]

1. e4 c5 2. c3 Nf6 3. e5 Nd5 4. Nf3 d6 5. Bc4 e6 6. O-O Nc6 7. d4 dxe5 8. dxe5
a6 9. Qe2 b5 10. Bb3 c4 11. Bc2 Be7 12. b3 Na5 13. b4 Nc6 14. a4 Bb7 15. Rd1
Qc7 16. Bd2 O-O 17. Na3 Na7 18. Nd4 Nc6 19. Nf3 Qb6 20. a5 Qc7 21. Re1 Rfd8 22.
Rad1 Bf8 23. Qe4 g6 24. Qh4 Be7 25. Qe4 Nxa5 26. Nb1 Nxb4 0-1

[Event "Lichtenberger Sommer 2018"]
[Site "?"]
[Date "2018.08.20"]
[Round "3.79"]
[White "Plaza Reino, Mateo"]
[Black "Junge, Wolfgang"]
[Result "0-1"]
[WhiteElo "1410"]
[BlackElo "1829"]
[PlyCount "42"]
[EventDate "2018.??.??"]
[WhiteTeam "Enniscorthy Chess Club"]
[BlackTeam "SC Friesen Lichtenberg"]

1. d4 d5 2. Bf4 Nf6 3. e3 e6 4. h3 Bd6 5. Bxd6 Qxd6 6. c3 O-O 7. Nf3 Nbd7 8.
Bd3 c6 9. O-O Re8 10. Nbd2 e5 11. dxe5 Nxe5 12. Nxe5 Qxe5 13. Nf3 Qh5 14. Nd4
Qg5 15. Nf3 Qh6 16. Re1 Ne4 17. Bxe4 Rxe4 18. Kh2 Bg4 19. Kg1 Bxh3 20. Qe2 Bxg2
21. Kxg2 Rg4+ 0-1

[Event "Lichtenberger Sommer 2018"]
[Site "?"]
[Date "2018.08.20"]
[Round "3.80"]
[White "Schindler, Rudolf"]
[Black "Mueller, Jörg René"]
[Result "0-1"]
[WhiteElo "1835"]
[BlackElo "1547"]
[PlyCount "148"]
[EventDate "2018.??.??"]
[WhiteTeam "Lasker Steglitz-Wilmersdorf"]
[BlackTeam "SC Zugzwang 95 (Berlin)"]

1. Nf3 e6 2. b3 b5 3. Bb2 Bb7 4. e3 a6 5. c4 c6 6. Qc2 Nf6 7. Be2 d6 8. d4 Nbd7
9. Nbd2 Be7 10. Rc1 Qb6 11. O-O h6 12. e4 Rc8 13. Qb1 b4 14. e5 dxe5 15. dxe5
Nh7 16. c5 Bxc5 17. Nc4 Qc7 18. Nfd2 Be7 19. Ne4 O-O 20. Ned6 Rb8 21. Nxb7 Rxb7
22. g3 Nb6 23. Na5 c5 24. Nxb7 Qxb7 25. f4 Rd8 26. Bf3 Qc7 27. Be4 Nf8 28. Rcd1
c4 29. Rxd8 Bxd8 30. bxc4 Nxc4 31. Bc1 Qb6+ 32. Kh1 a5 33. Qd3 Qc7 34. Rd1 Be7
35. Qc2 Qc8 36. h3 Qa6 37. Kh2 Na3 38. Qg2 Nb5 39. Be3 Nc3 40. Bd3 Qc8 41. Re1
Nd7 42. Qc2 Nc5 43. Bf1 Qd7 44. a3 N5e4 45. axb4 Bxb4 46. Ra1 g6 47. Bd3 Kg7
48. Rf1 Nd5 49. Bf2 Nec3 50. Bd4 h5 51. f5 Qa4 52. f6+ Kh7 53. Qf2 Qa2 54. Bc2
Qc4 55. g4 Qe2 56. gxh5 Qxh5 57. Re1 Nb5 58. Re4 Kg8 59. Bb2 Nbc3 60. Re1 Na4
61. Bxa4 Bxe1 62. Qxe1 Nf4 63. Qf1 Nd5 64. Qd1 Qf5 65. Qd2 Nf4 66. Qe3 Nd5 67.
Qg3 Qe4 68. Bb3 Nf4 69. Bd1 Nd5 70. Qf3 Qb4 71. Qf2 a4 72. Qd4 Qe1 73. Bf3 Ne3
74. Bc3 Qf2+ 0-1

[Event "Lichtenberger Sommer 2018"]
[Site "?"]
[Date "2018.08.20"]
[Round "3.81"]
[White "Schulz-Runge, Michael"]
[Black "Tschirschwitz, Stephan"]
[Result "1-0"]
[WhiteElo "1758"]
[BlackElo "1530"]
[PlyCount "75"]
[EventDate "2018.??.??"]
[WhiteTeam "FS Dortmund"]
[BlackTeam "Lasker Steglitz-Wilmersdorf"]

1. e4 c5 2. Nf3 Nc6 3. c3 e6 4. d4 d5 5. e5 a6 6. Bd3 Be7 7. O-O c4 8. Bc2 b5
9. Nbd2 Nh6 10. h3 f5 11. exf6 Bxf6 12. Re1 Nf7 13. Bf5 e5 14. Bxc8 Qxc8 15.
dxe5 Be7 16. Nf1 Qe6 17. Ng3 O-O-O 18. Nd4 Nxd4 19. cxd4 g6 20. Bd2 Kb7 21. Ba5
Rc8 22. a3 Nd8 23. Qd2 Nc6 24. Bb4 Nxb4 25. axb4 h5 26. f4 Rc6 27. Rf1 Qc8 28.
Rf3 h4 29. Nf1 Qf8 30. Ne3 Bxb4 31. Qc2 Qf7 32. f5 gxf5 33. Rxf5 Qe7 34. Raf1
Rc7 35. Rf7 Qd8 36. Rxc7+ Kxc7 37. Rf7+ Be7 38. Rxe7+ 1-0

[Event "Lichtenberger Sommer 2018"]
[Site "?"]
[Date "2018.08.20"]
[Round "3.82"]
[White "Becker, Werner"]
[Black "Zinnecker, Peter"]
[Result "1/2-1/2"]
[WhiteElo "1689"]
[BlackElo "1401"]
[PlyCount "39"]
[EventDate "2018.??.??"]
[WhiteTeam "SV Königsee"]
[BlackTeam "SV Teutonia Coerde"]

1. c4 c5 2. Nf3 g6 3. d4 cxd4 4. Nxd4 Nc6 5. e3 Bg7 6. Nc3 Nf6 7. Be2 O-O 8.
O-O d6 9. a3 a6 10. Ra2 Bd7 11. Nxc6 Bxc6 12. Bf3 Qc7 13. e4 Nd7 14. Nd5 Bxd5
15. cxd5 Rac8 16. b4 Nb6 17. Bb2 Bxb2 18. Rxb2 Qc3 19. Rb3 Qc2 20. Rb1 1/2-1/2

[Event "Lichtenberger Sommer 2018"]
[Site "?"]
[Date "2018.08.20"]
[Round "3.83"]
[White "Ruddat, Mathias"]
[Black "Wallmann, Bodo"]
[Result "0-1"]
[WhiteElo "1399"]
[BlackElo "1814"]
[PlyCount "68"]
[EventDate "2018.??.??"]
[WhiteTeam "SV Rüdersdorf"]
[BlackTeam "SC Kreuzberg"]

1. e4 c5 2. Nf3 d6 3. d4 cxd4 4. Nxd4 Nf6 5. Nc3 a6 6. f3 e5 7. Nb3 Be7 8. Be3
Qc7 9. Qd2 Be6 10. Nd5 Nxd5 11. exd5 Bf5 12. O-O-O O-O 13. g4 Bd7 14. Qa5 Qc8
15. h4 Bd8 16. Bb6 f5 17. g5 Be7 18. Bd3 Be8 19. Rde1 Nd7 20. Nd4 Nxb6 21. Qxb6
Bd7 22. Ne6 Bxe6 23. dxe6 Qxe6 24. Qxb7 Kh8 25. b3 d5 26. Bf1 Ba3+ 27. Kd1 e4
28. fxe4 dxe4 29. Bc4 Qe5 30. Ke2 Qg3 31. Ref1 Bc5 32. Kd1 Rfd8+ 33. Kc1 Ba3+
34. Kb1 Qc3 0-1

[Event "Lichtenberger Sommer 2018"]
[Site "?"]
[Date "2018.08.20"]
[Round "3.84"]
[White "Schubert, Vincent"]
[Black "Hesselbarth, Karlheinz"]
[Result "0-1"]
[WhiteElo "1296"]
[BlackElo "1723"]
[PlyCount "40"]
[EventDate "2018.??.??"]
[WhiteTeam "Borussia Lichtenberg"]
[BlackTeam "SC Zugzwang 95 (Berlin)"]

1. d4 d5 2. Bf4 Nf6 3. h3 e6 4. c3 c5 5. dxc5 Bxc5 6. Nd2 O-O 7. Ngf3 Nc6 8. e3
Qe7 9. Be2 Bd7 10. Ne5 Rfd8 11. Nxd7 Rxd7 12. Nf3 e5 13. Bg5 d4 14. exd4 exd4
15. cxd4 Nxd4 16. Nxd4 Rxd4 17. Qc2 Re4 18. Kf1 Re8 19. Re1 Bb4 20. Bd2 Rxe2
0-1

[Event "Lichtenberger Sommer 2018"]
[Site "?"]
[Date "2018.08.20"]
[Round "3.85"]
[White "Weber, Gerald"]
[Black "Abraham, Helmut"]
[Result "1-0"]
[WhiteElo "1714"]
[BlackElo "1461"]
[PlyCount "51"]
[EventDate "2018.??.??"]
[WhiteTeam "SSV Rotation Berlin"]
[BlackTeam "SC Kreuzberg"]

1. c4 e5 2. g3 d6 3. Bg2 c6 4. Nc3 Be7 5. b3 f5 6. Bb2 Nf6 7. e3 O-O 8. Nf3 Be6
9. O-O Nbd7 10. Ng5 Bf7 11. Nxf7 Rxf7 12. Bh3 Ne4 13. Nxe4 fxe4 14. Be6 Qe8 15.
f4 Nc5 16. Bxf7+ Qxf7 17. fxe5 Qe6 18. exd6 Bxd6 19. Qh5 Nd3 20. Bc3 Be5 21.
Bxe5 Nxe5 22. Qf5 Qxf5 23. Rxf5 Nf3+ 24. Kg2 Nxd2 25. Rd1 Rd8 26. Rf2 1-0

[Event "Lichtenberger Sommer 2018"]
[Site "?"]
[Date "2018.08.20"]
[Round "3.86"]
[White "Lalaev, Ashur"]
[Black "Vollmar, Timo"]
[Result "1-0"]
[WhiteElo "1656"]
[BlackElo "1477"]
[PlyCount "147"]
[EventDate "2018.??.??"]
[WhiteTeam "TuS Makkabi Berlin"]
[BlackTeam "BSV 63 Chemie Weißensee"]

1. e4 e5 2. Nf3 Nc6 3. d4 exd4 4. Nxd4 Qh4 5. Nxc6 Qxe4+ 6. Qe2 Qxe2+ 7. Bxe2
bxc6 8. O-O Nf6 9. Re1 Be7 10. Bf3 d5 11. Bf4 Be6 12. Bxc7 O-O 13. Nd2 Rfe8 14.
c4 Bb4 15. Bf4 Bd7 16. a3 Bxd2 17. Bxd2 Rab8 18. Bc3 dxc4 19. Bxf6 gxf6 20.
Red1 Red8 21. Rd2 Be8 22. Rad1 Rxd2 23. Rxd2 c3 24. bxc3 Rb1+ 25. Rd1 Rxd1+ 26.
Bxd1 c5 27. g3 Kf8 28. Kg2 Ke7 29. Kf3 Bd7 30. Ke4 Kd6 31. Bc2 h6 32. Kf4 Kd5
33. Bb3+ c4 34. Bd1 Be6 35. Ke3 Ke5 36. Bh5 Kd5 37. f4 Kc5 38. Ke4 a6 39. Bd1
a5 40. Ba4 Bh3 41. Be8 Be6 42. f5 Bd5+ 43. Kf4 h5 44. Ba4 Bc6 45. Bd1 Kb5 46.
Bxh5 Ka4 47. Bxf7 Bb5 48. h4 Kxa3 49. h5 Kb2 50. h6 a4 51. h7 a3 52. h8=Q a2
53. Qh2+ Kb1 54. Ke3 a1=Q 55. Qg1+ Kb2 56. Qxa1+ Kxa1 57. Kd4 Kb2 58. Bxc4 Bc6
59. Bd5 Bd7 60. Be6 Bc6 61. c4 Kb3 62. Kc5 Be8 63. Kd6 Kb4 64. c5 Kb5 65. Bd7+
Ka6 66. Bxe8 Kb7 67. Bd7 Kb8 68. c6 Ka8 69. c7 Ka7 70. c8=Q Kb6 71. Qc5+ Kb7
72. Bc6+ Ka6 73. Qb5+ Ka7 74. Qb7# 1-0

[Event "Lichtenberger Sommer 2018"]
[Site "?"]
[Date "2018.08.20"]
[Round "3.87"]
[White "Lange, Johannes Friedrich"]
[Black "Mayer, Herbert"]
[Result "1-0"]
[WhiteElo "1447"]
[BlackElo "1840"]
[PlyCount "95"]
[EventDate "2018.??.??"]
[WhiteTeam "TSG Oberschöneweide"]
[BlackTeam "SC Rochade (Berlin)"]

1. e4 c5 2. Nf3 a6 3. d4 cxd4 4. Nxd4 Nf6 5. Nc3 e5 6. Nf3 Bb4 7. Bd2 O-O 8.
Bd3 d5 9. exd5 Bxc3 10. Bxc3 e4 11. Bxf6 gxf6 12. Bxe4 Re8 13. Qd4 f5 14. Nd2
fxe4 15. O-O-O Nc6 16. Qc4 Na5 17. Qd4 Bf5 18. Rde1 Nc6 19. Qc4 Ne5 20. Qb3 Rc8
21. Kb1 Ng6 22. g4 Bxg4 23. Nxe4 Bf5 24. f3 Bxe4 25. fxe4 Qc7 26. Rhf1 Re7 27.
Rf2 b5 28. Qh3 Rce8 29. Qd3 Qc4 30. Qxc4 bxc4 31. Rfe2 Kf8 32. d6 Rd7 33. e5
Nf4 34. Re4 Nd5 35. Kc1 Nb6 36. Kd2 Re6 37. b3 cxb3 38. axb3 Rh6 39. h4 Rh5 40.
c4 Rf5 41. c5 Nd5 42. Rd4 Nc7 43. Kd3 Ne6 44. c6 Ra7 45. Rc4 Rf3+ 46. Kc2 Ke8
47. c7 Nxc7 48. dxc7 1-0

[Event "Lichtenberger Sommer 2018"]
[Site "?"]
[Date "2018.08.20"]
[Round "3.88"]
[White "Bergmann, Jens"]
[Black "Wieczorek, Martin"]
[Result "1-0"]
[WhiteElo "1835"]
[BlackElo "1426"]
[PlyCount "77"]
[EventDate "2018.??.??"]
[WhiteTeam "SK Tempelhof 1931"]
[BlackTeam "SK Dessau 93"]

1. e4 e6 2. d4 d5 3. e5 c5 4. c3 Qb6 5. Nf3 Bd7 6. g3 Bb5 7. Be2 Bxe2 8. Qxe2
cxd4 9. cxd4 Nc6 10. O-O Nge7 11. Nc3 Nf5 12. Be3 Be7 13. Rfd1 Nxe3 14. fxe3
O-O 15. Rac1 f6 16. exf6 Rxf6 17. a3 Raf8 18. Rf1 a6 19. b4 R6f7 20. Kg2 Qc7
21. Qc2 b5 22. Nxd5 Qd6 23. Nxe7+ Nxe7 24. Qb3 Nc6 25. Qc2 Rc7 26. Qe4 h6 27.
Rc5 a5 28. Rfc1 Rfc8 29. bxa5 b4 30. axb4 Nxb4 31. Rxc7 Rxc7 32. Rxc7 Qxc7 33.
Qxe6+ Kh7 34. Qf5+ Kg8 35. Qc5 Qb7 36. Qb6 Qe7 37. Ne5 Nd5 38. Qb3 Qe6 39. Kg1
1-0

[Event "Lichtenberger Sommer 2018"]
[Site "?"]
[Date "2018.08.20"]
[Round "3.89"]
[White "Stark, Steven"]
[Black "Bode, Jan-Michael"]
[Result "0-1"]
[WhiteElo "1439"]
[BlackElo "1874"]
[PlyCount "90"]
[EventDate "2018.??.??"]
[WhiteTeam "BSC Rehberge"]
[BlackTeam "SW Lichtenrade"]

1. e4 c5 2. Nf3 Nc6 3. Be2 e5 4. O-O d6 5. d3 Be6 6. Ng5 Bd7 7. c3 h6 8. Nf3
Nf6 9. Nfd2 Be7 10. a4 a6 11. b3 Rc8 12. Bb2 O-O 13. Na3 Be6 14. Nc2 Qb6 15.
Ne3 Na5 16. Ra3 d5 17. Ba1 c4 18. b4 cxd3 19. Bxd3 Nc6 20. a5 Qd8 21. exd5 Nxd5
22. Nxd5 Bxd5 23. Be4 Be6 24. Bxc6 Rxc6 25. Ne4 Rc4 26. f3 f5 27. Nd2 Rc7 28.
Re1 Rd7 29. Re2 Bc4 30. Rf2 Bg5 31. Bb2 Rxd2 32. Rxd2 Qxd2 33. Qxd2 Bxd2 34.
Ra1 Rd8 35. Kh1 e4 36. fxe4 fxe4 37. Rd1 e3 38. Bc1 Be2 39. Bxd2 Rxd2 40. Re1
Rd1 41. Rxd1 Bxd1 42. Kg1 Be2 43. h3 Kf7 44. Kh2 Ke6 45. Kg3 Ke5 0-1

[Event "Lichtenberger Sommer 2018"]
[Site "?"]
[Date "2018.08.20"]
[Round "3.90"]
[White "Müller, Johannes"]
[Black "Langner, Hans-Rainer"]
[Result "1-0"]
[WhiteElo "1775"]
[BlackElo "1603"]
[PlyCount "125"]
[EventDate "2018.??.??"]
[WhiteTeam "SC Eintracht Berlin"]
[BlackTeam "TSV Mariendorf"]

1. e4 c5 2. Nc3 e6 3. f4 d5 4. d3 Be7 5. Nf3 Nc6 6. g3 Qa5 7. Bd2 d4 8. Nd5 Qd8
9. Nxe7 Ngxe7 10. Bg2 Bd7 11. O-O O-O 12. g4 Qc7 13. a3 Ng6 14. Ng5 f6 15. Nh3
e5 16. f5 Nh8 17. g5 g6 18. gxf6 Rxf6 19. Bg5 Raf8 20. Bxf6 Rxf6 21. fxg6 Rxg6
22. Kh1 Bg4 23. Qd2 Nf7 24. Rf2 Qd7 25. Raf1 Ncd8 26. Ng1 Kg7 27. Bf3 Bh3 28.
Nxh3 Qxh3 29. Rg2 Ne6 30. Rxg6+ hxg6 31. Qg2 Qh6 32. Rg1 Nf4 33. Qg4 g5 34. Rg3
Qc6 35. h4 Qh6 36. Kg1 Ne6 37. hxg5 Nexg5 38. Rg2 Kf6 39. Qf5+ Ke7 40. Bg4 Qe6
41. Qxe6+ Nxe6 42. Bxe6 Kxe6 43. Rg6+ Ke7 44. Kf2 Nd6 45. Kf3 b5 46. Rh6 c4 47.
Kg4 a5 48. Rg6 a4 49. Rg8 Kf6 50. Rb8 Ke6 51. Ra8 Kf6 52. Ra6 Ke7 53. Kg5 Nxe4+
54. dxe4 d3 55. Rh6 dxc2 56. Rh1 Kd6 57. Rc1 Kc5 58. Rxc2 Kd4 59. Kf5 Kc5 60.
Kxe5 b4 61. axb4+ Kxb4 62. Rc3 Kc5 63. Kf6 1-0

[Event "Lichtenberger Sommer 2018"]
[Site "?"]
[Date "2018.08.20"]
[Round "3.91"]
[White "Lee, Kwan Ho"]
[Black "Koerber, Bernhard"]
[Result "1/2-1/2"]
[WhiteElo "1650"]
[BlackElo "1552"]
[PlyCount "47"]
[EventDate "2018.??.??"]
[WhiteTeam "Hong Kong Chess Federation"]
[BlackTeam "Lasker Steglitz-Wilmersdorf"]

1. d4 Nf6 2. c4 g6 3. Nc3 d5 4. Bf4 a6 5. e3 Bg7 6. Nf3 O-O 7. Qc2 c5 8. O-O-O
Nc6 9. a3 Bf5 10. Bd3 Bxd3 11. Qxd3 cxd4 12. exd4 dxc4 13. Qxc4 Rc8 14. Kb1 Na5
15. Qe2 Nb3 16. h3 b5 17. Be5 Qa5 18. Nd2 Nxd2+ 19. Qxd2 b4 20. axb4 Qxb4 21.
Bxf6 Bxf6 22. Nd5 Qxd2 23. Nxf6+ exf6 24. Rxd2 1/2-1/2

[Event "Lichtenberger Sommer 2018"]
[Site "?"]
[Date "2018.08.20"]
[Round "3.92"]
[White "Fontaine, Constantin"]
[Black "Pöltelt, Helmut"]
[Result "1-0"]
[WhiteElo "1487"]
[BlackElo "1714"]
[PlyCount "73"]
[EventDate "2018.??.??"]
[WhiteTeam "SK Tempelhof 1931"]
[BlackTeam "SC Eintracht Berlin"]

1. e4 c5 2. f4 d6 3. Nf3 Nf6 4. Nc3 Nc6 5. Bc4 e6 6. d3 a6 7. a4 b6 8. O-O Be7
9. Qe1 O-O 10. Qg3 d5 11. Bb3 Na5 12. Ne5 Bb7 13. f5 Nxb3 14. Bh6 Ne8 15. cxb3
Kh8 16. fxe6 gxh6 17. Nxf7+ Rxf7 18. exf7 Ng7 19. Nxd5 Bxd5 20. exd5 Qxd5 21.
Rae1 Nf5 22. Qe5+ Qxe5 23. Rxe5 Kg7 24. Rfxf5 Bf8 25. Re8 Ra7 26. Rb8 Rxf7 27.
Rxf7+ Kxf7 28. Rxb6 c4 29. Rb7+ Ke8 30. Rb8+ Kf7 31. Rxf8+ Kxf8 32. bxc4 a5 33.
Kf2 Ke7 34. Ke3 Kd6 35. h4 h5 36. d4 h6 37. g3 1-0

[Event "Lichtenberger Sommer 2018"]
[Site "?"]
[Date "2018.08.20"]
[Round "3.93"]
[White "Engesser, Philipp"]
[Black "Jiranek, Benno"]
[Result "1-0"]
[WhiteElo "1626"]
[BlackElo "1469"]
[PlyCount "43"]
[EventDate "2018.??.??"]
[WhiteTeam "Esv Askoe Admira Villach"]
[BlackTeam "SC Kreuzberg"]

1. e4 e6 2. d4 d5 3. Nc3 Nf6 4. Bg5 dxe4 5. Nxe4 Be7 6. Bd3 Qxd4 7. Bb5+ c6 8.
Qxd4 Nbd7 9. Nxf6+ Nxf6 10. Bd3 h6 11. Bh4 Bd7 12. O-O-O c5 13. Qe5 g5 14. Bg3
Rc8 15. Be4 Bc6 16. Bxc6+ bxc6 17. Qc3 Rg8 18. Qa5 Kf8 19. Bd6 Nd5 20. Bxe7+
Kxe7 21. Qxc5+ Kd7 22. c4 1-0

[Event "Lichtenberger Sommer 2018"]
[Site "?"]
[Date "2018.08.20"]
[Round "3.94"]
[White "Kossueva, Fatima"]
[Black "Morczynski, Joachim"]
[Result "0-1"]
[WhiteElo "1365"]
[BlackElo "1583"]
[PlyCount "118"]
[EventDate "2018.??.??"]
[WhiteTeam "SC Friesen Lichtenberg"]
[BlackTeam "SK Zehlendorf"]

1. e4 g6 2. d4 Bg7 3. Nc3 d6 4. Be3 c6 5. Qd2 Nd7 6. f3 b5 7. Nge2 Nb6 8. b3 a5
9. a3 a4 10. Qc1 axb3 11. cxb3 Be6 12. b4 Bc4 13. Ng3 Bxf1 14. Rxf1 Nc4 15. Kf2
Qb6 16. Nge2 Nxe3 17. Qxe3 Bh6 18. f4 Nf6 19. h3 Nd7 20. d5 c5 21. bxc5 Nxc5
22. Kg1 Bg7 23. Rfb1 O-O 24. Rxb5 Qxb5 25. Nxb5 Bxa1 26. e5 Rfb8 27. Nbd4 Bb2
28. Nc6 Re8 29. Qd2 Bxa3 30. Qc3 Ne4 31. Qf3 Bc5+ 32. Kh2 Nd2 33. Qc3 dxe5 34.
fxe5 Ra1 35. Qb2 Nf1+ 36. Kh1 Re1 37. Qc2 Bf2 38. Nxe7+ Rxe7 39. Qc8+ Kg7 40.
g4 Ne3+ 41. Kh2 Rxe2 42. Qa6 Rxe5 43. Qxe2 Nxg4+ 44. Qxg4 Rxd5 45. Qf3 Rf5 46.
Qc3+ Rf6 47. Kg2 g5 48. Qe5 h5 49. Qxg5+ Rg6 50. Qxg6+ Kxg6 51. Kxf2 Kg5 52.
Kf3 Kh4 53. Kg2 f5 54. Kh2 Kg5 55. Kg3 f4+ 56. Kf3 Kf5 57. Kf2 Ke4 58. Ke2 f3+
59. Kf2 Kf4 0-1

[Event "Lichtenberger Sommer 2018"]
[Site "?"]
[Date "2018.08.20"]
[Round "3.95"]
[White "Ettel, Ralf"]
[Black "Lippianowski, Stefan"]
[Result "1-0"]
[WhiteElo "1549"]
[BlackElo "1090"]
[PlyCount "45"]
[EventDate "2018.??.??"]
[WhiteTeam "SK König Tegel"]
[BlackTeam "SV Mattnetz Berlin"]

1. c4 e5 2. Nc3 Nf6 3. g3 Bc5 4. Bg2 Nc6 5. d3 Ng4 6. e3 d6 7. h3 Nxf2 8. Kxf2
Qf6+ 9. Qf3 Qg6 10. Qe4 Qf6+ 11. Nf3 Bf5 12. Nd5 Bxe4 13. Nxf6+ gxf6 14. dxe4
Nb4 15. Rd1 Nc2 16. Rb1 O-O-O 17. a3 Nd4 18. exd4 exd4 19. Nxd4 Rhg8 20. Be3
Bb6 21. Nf5 Rde8 22. Bxb6 axb6 23. Rd5 1-0

[Event "Lichtenberger Sommer 2018"]
[Site "?"]
[Date "2018.08.20"]
[Round "3.96"]
[White "Paris, Gerhard"]
[Black "Ollek, Karl-Heinz"]
[Result "1/2-1/2"]
[WhiteElo "1455"]
[BlackElo "1681"]
[PlyCount "59"]
[EventDate "2018.??.??"]
[WhiteTeam "TSG Oberschöneweide"]
[BlackTeam "SC Friesen Lichtenberg"]

1. e4 g6 2. d4 Bg7 3. Nc3 d6 4. Bc4 Nf6 5. Nf3 O-O 6. O-O Nc6 7. a3 a6 8. Be3
h6 9. h3 b5 10. Ba2 e6 11. Qd2 Kh7 12. Rad1 d5 13. e5 Ne4 14. Nxe4 dxe4 15. Nh2
Bb7 16. Rfe1 Ne7 17. Ng4 Nf5 18. Bf4 g5 19. Bh2 h5 20. Ne3 Bh6 21. Nxf5 exf5
22. Qe2 g4 23. g3 Qe7 24. h4 Rad8 25. c3 f4 26. Bb1 Kh8 27. Bxe4 f3 28. Qc2 Bc8
29. Bf5 Bb7 30. Be4 1/2-1/2

[Event "Lichtenberger Sommer 2018"]
[Site "?"]
[Date "2018.08.20"]
[Round "3.97"]
[White "Timm, Christian"]
[Black "Torosyan, Bagrat"]
[Result "1/2-1/2"]
[WhiteElo "1651"]
[BlackElo "1309"]
[PlyCount "72"]
[EventDate "2018.??.??"]
[WhiteTeam "König Springer Herzberg"]
[BlackTeam "Schachpinguine Berlin"]

1. Nf3 d5 2. g3 Nc6 3. d4 Nf6 4. Bg2 Bf5 5. a3 e6 6. O-O Be7 7. Nbd2 Ne4 8. b4
Nc3 9. Qe1 Bxc2 10. Bb2 Ne4 11. b5 Nb8 12. a4 Bb4 13. Qc1 Nxd2 14. Nxd2 Bg6 15.
Nb3 Nd7 16. Nc5 b6 17. Na6 Bd6 18. Qc6 O-O 19. Rfc1 Nb8 20. Nxb8 Rxb8 21. Ba3
f6 22. Bh3 Re8 23. Rc3 Bxa3 24. Raxa3 Kf7 25. Qxc7+ Qxc7 26. Rxc7+ Re7 27. Rac3
Rbe8 28. R3c6 Rxc7 29. Rxc7+ Re7 30. Rc6 Bb1 31. e3 Ba2 32. Rc3 Bc4 33. Bf1
Bxf1 34. Kxf1 Rd7 35. Ke2 Ke7 36. Rc6 Rd6 1/2-1/2

[Event "Lichtenberger Sommer 2018"]
[Site "?"]
[Date "2018.08.20"]
[Round "3.98"]
[White "Ruddat, Jarne"]
[Black "Wadepfuhl, Jeremy"]
[Result "0-1"]
[WhiteElo "1347"]
[BlackElo "1526"]
[PlyCount "56"]
[EventDate "2018.??.??"]
[WhiteTeam "SV Rüdersdorf"]
[BlackTeam "Borussia Lichtenberg"]

1. e4 d6 2. d4 Nf6 3. Nc3 Nbd7 4. Bc4 e5 5. d5 Be7 6. f4 Nc5 7. Qe2 Bg4 8. Nf3
c6 9. fxe5 dxe5 10. h3 Bxf3 11. Qxf3 O-O 12. O-O b5 13. Bd3 b4 14. Ne2 cxd5 15.
Qg3 dxe4 16. Bh6 Nh5 17. Qxe5 exd3 18. cxd3 Nf6 19. Qg5 Ne8 20. Qg4 Qd6 21. Bf4
Qg6 22. Qf3 Nf6 23. d4 Ne6 24. Bd2 Rad8 25. Qb7 Nd5 26. Be1 Bf6 27. Qxa7 Ne3
28. Rf3 Qxg2# 0-1

[Event "Lichtenberger Sommer 2018"]
[Site "?"]
[Date "2018.08.20"]
[Round "3.99"]
[White "Schild, Reinhard"]
[Black "Toth, Hans-Jürgen"]
[Result "0-1"]
[WhiteElo "1601"]
[BlackElo "1452"]
[PlyCount "104"]
[EventDate "2018.??.??"]
[WhiteTeam "SG Weißensee 49"]
[BlackTeam "SF Zehdenick"]

1. d4 f5 2. Nf3 Nf6 3. e3 e6 4. Bd3 d5 5. O-O Bd6 6. Nbd2 b6 7. Qe2 O-O 8. b3
a5 9. Bb2 Ba6 10. Bxa6 Nxa6 11. Rfc1 Nb4 12. a3 Nc6 13. c4 Nb8 14. c5 bxc5 15.
dxc5 Be7 16. Ne5 Nfd7 17. b4 Nxe5 18. Bxe5 Nc6 19. Bc3 Bf6 20. Nf3 Bxc3 21.
Rxc3 axb4 22. Rb3 Qf6 23. Qd1 Ra4 24. Nd4 Nxd4 25. exd4 bxa3 26. Rd3 Rfa8 27.
Ra2 Rc4 28. Qa1 Qg5 29. Rd1 h5 30. Rxa3 Rxa3 31. Qxa3 Kh7 32. Qe3 Qxe3 33. fxe3
Rc2 34. g3 g5 35. h3 Re2 36. Rd3 Kg6 37. Ra3 f4 38. exf4 gxf4 39. gxf4 Kf5 40.
Ra7 Kxf4 41. Rxc7 Ke4 42. Re7 Kxd4 43. c6 Rc2 44. Rxe6 Kd3 45. Re5 d4 46. Rxh5
Rxc6 47. Re5 Kc2 48. Re2+ Kc3 49. Kf1 d3 50. Ra2 Kd4 51. Ke1 Ke3 52. Kd1 Rg6
0-1

[Event "Lichtenberger Sommer 2018"]
[Site "?"]
[Date "2018.08.20"]
[Round "3.100"]
[White "Murat, Abylay"]
[Black "Geist, Wolfgang"]
[Result "1-0"]
[WhiteElo "1708"]
[BlackElo "1416"]
[PlyCount "83"]
[EventDate "2018.??.??"]
[WhiteTeam "SC Friesen Lichtenberg"]
[BlackTeam "SC Weisse Dame (Berlin)"]

1. d4 Nf6 2. c4 e5 3. dxe5 Ne4 4. g3 Nc6 5. Bg2 Bb4+ 6. Nd2 Nxd2 7. Bxd2 Bxd2+
8. Qxd2 Nxe5 9. Qe3 Qe7 10. b3 d6 11. Nh3 Ng6 12. Qd4 O-O 13. e3 Qe5 14. O-O
Qxd4 15. exd4 c6 16. Ng5 Bf5 17. Rfe1 Rfe8 18. Ne4 Bxe4 19. Bxe4 Ne7 20. Re3 f5
21. Bd3 g6 22. Rae1 Kf7 23. h3 Ng8 24. c5 d5 25. g4 Rxe3 26. Rxe3 Nh6 27. Rf3
Rf8 28. gxf5 Nxf5 29. Bxf5 gxf5 30. Rxf5+ Kg7 31. Re5 Kf6 32. f4 Rg8+ 33. Kf2
Rg7 34. Re8 Re7 35. Rxe7 Kxe7 36. Kf3 h5 37. f5 Kf6 38. Kf4 b6 39. b4 bxc5 40.
bxc5 h4 41. a4 a5 42. Kg4 1-0